住所からコンサート施設を当てるクイズ(関東編) - Statistics

General Stats
  • This quiz has been taken 119 times
  • The average score is 8 of 14
Answer Stats
Hint Answer % Correct
東京都文京区後楽1-3-61 東京ドーム
98%
埼玉県さいたま市中央区新都心8 さいたまスーパーアリーナ
86%
埼玉県所沢市上山口2135 ベルーナドーム
80%
千葉市美浜区中瀬2-1 幕張メッセ
73%
東京都調布市西町376-3 味の素スタジアム
66%
横浜市港北区新横浜3丁目10番地 横浜アリーナ
65%
横浜市港北区小机町3300 日産スタジアム
57%
東京都千代田区北の丸公園2-3 日本武道館
43%
東京都江東区有明1丁目11番1号 有明アリーナ
42%
神奈川県横浜市西区みなとみらい1-1-1 パシフィコ横浜
40%
神奈川県横浜市西区みなとみらい3-2-2 ぴあアリーナMM
40%
横浜市西区みなとみらい6-2-14 Kアリーナ横浜
29%
東京都千代田区丸の内三丁目5番1号 東京国際フォーラム
22%
東京都調布市西町290-11 武蔵野の森総合スポーツプラザ
16%
No matching quizzes found
Score Distribution
Percent of People with Each Score
Percentile by Number Answered
Your Score History
You have not taken this quiz